Studies on Fungal Diseases of Sugarcane seedings and their Managment (Record no. 50069)

MARC details
000 -LEADER
fixed length control field 00425nam a22001577a 4500
003 - CONTROL NUMBER IDENTIFIER
control field OSt
008 - FIXED-LENGTH DATA ELEMENTS--GENERAL INFORMATION
fixed length control field 260416b |||||||| |||| 00| 0 eng d
082 ## - DEWEY DECIMAL CLASSIFICATION NUMBER
Classification number 633.6194
Item number P74S
100 ## - MAIN ENTRY--PERSONAL NAME
Personal name Prasoon, Pankaj
245 ## - TITLE STATEMENT
Title Studies on Fungal Diseases of Sugarcane seedings and their Managment
260 ## - PUBLICATION, DISTRIBUTION, ETC. (IMPRINT)
Place of publication, distribution, etc Pusa, Samastipur
Name of publisher, distributor, etc RAU, Pusa
Date of publication, distribution, etc 2013
300 ## - PHYSICAL DESCRIPTION
Extent 64P.
502 ## - DISSERTATION NOTE
Degree type Msc.
Year degree granted 2013
650 ## - SUBJECT ADDED ENTRY--TOPICAL TERM
Topical term or geographic name as entry element Plant Pathology
942 ## - ADDED ENTRY ELEMENTS (KOHA)
Source of classification or shelving scheme
Koha item type Thesis

No items available.

Hosted, Implemented, Customized & Maintained by: BestBookBuddies

Powered by Koha